Štátna vedecká knižnica skladala účty

Bibliographic Details
Main Author: Ogurčáková, Jana (Author)
Format: Article
Language:Slovak
PhysicalDescription:Fotogr.
ISSN:1335-4566
Subjects:

MARC

LEADER 00000nab a2200000 a 4500
001 vtls009490458
003 SK-MaSNL
005 20260305000311.0
008 090406c20090406xo drz 0 0slo
038 |a KEVKJB 
040 |a KEVKJB  |b slo  |c KEVKJB  |e AACR2 
041 0 |a slo 
044 |a xo  |c SK 
080 |a 027.54  |2 2001 
100 1 |a Ogurčáková, Jana  |4 aut  |9 835010 
245 1 0 |a Štátna vedecká knižnica skladala účty  |c Jana Ogurčáková 
300 |b Fotogr. 
610 2 7 |a Štátna vedecká knižnica v Košiciach  |2 kevkjb  |9 252348 
651 7 |a Košice (Slovensko)  |2 kevkjb  |9 18694 
773 0 |t Košický Korzár  |g Roč. XII, č. 80 (6.4.2009), s. 2  |x 1335-4566 
852 |a KEVKJB  |b KIS3GCP 
958 |a KL 
999 |c 3213005  |d 3214935